000 00319nam a2200133Ia 4500
005 20260328104302.0
008 260328s9999||||xx |||||||||||||| ||und||
100 _aMaffre, Jean Jacques
245 0 _aEl Arte Griego /
_cJean Jacques Maffre
260 _bPaidós
300 _a63 p.
650 _aHISTORIA
942 _cBK
999 _c10641
_d10641